000 01599nam a22002297a 4500
003 OSt
005 20250915082507.0
008 250915b |||||||| |||| 00| 0 eng d
020 _a9781786584649
040 _ctbs
041 _aEnglish
100 _aUeda, Kenji,
_d1969-
240 _aGinza Shihōdō bunbōguten.
_lEnglish
245 _aLetters from the Ginza Shihodo Stationery Shop
_c/ Kenji Ueda ; translated by Emily Balistrieri.
260 _aLondon
_bManilla Press,
_c2024
300 _a217 pages ; 20 cm
520 _a"Hidden away in a corner of the Ginza neighbourhood is a venerable stationery shop. To venture inside is to find everything your stationery-loving heart desires, from the most delicate paper to fountain pens that fit exactly to the shape of your hand to gorgeously coloured inks. The shop owner intuits your every need, inviting you to take a seat at a small wooden table on the top floor, where you'll find the words flowing, helping you unlock repressed memories, secret longings and your own mysteries. To this shop comes a young company employee, uncertain in his career and needing a connection back to his past; the hostess of an elegant club; the vice-captain of a high-school archery team, an ageing businessman and a formerly homeless sushi chef. With impeccable manners and a warm demeanour, the shop owner helps each of them with more than just their stationery needs."--Provided by publisher.
650 0 _aStationery
_vFiction.
650 0 _aInterpersonal relations
_vFiction
_924021
700 _aBalistrieri, Emily
_925862
_eTranslator
942 _2lcc
999 _c4933
_d4933